ARRUPE JESUIT UNIVERSITY

CORONAVIRUS -STOP THE SPREAD - CLEAN,DISINFECT,COVER

God, people, and power in Malawi : (Record no. 125786)

MARC details
000 -LEADER
fixed length control field 01169cam a2200325 a 4500
001 - CONTROL NUMBER
control field 723997
003 - CONTROL NUMBER IDENTIFIER
control field ARRUPE
005 - DATE AND TIME OF LATEST TRANSACTION
control field 20161128152807.0
008 - FIXED-LENGTH DATA ELEMENTS--GENERAL INFORMATION
fixed length control field 971106s1996 mw ab b 000 0 eng
010 ## - LIBRARY OF CONGRESS CONTROL NUMBER
LC control number 97980928
020 ## - INTERNATIONAL STANDARD BOOK NUMBER
International Standard Book Number 9990816042
020 ## - INTERNATIONAL STANDARD BOOK NUMBER
International Standard Book Number 3926105712
040 ## - CATALOGING SOURCE
Original cataloging agency DLC
Transcribing agency DLC
Modifying agency DLC
042 ## - AUTHENTICATION CODE
Authentication code lcode
043 ## - GEOGRAPHIC AREA CODE
Geographic area code f-mw---
050 00 - LIBRARY OF CONGRESS CALL NUMBER
Classification number BR115.P7
Item number R77 1996
082 00 - DEWEY DECIMAL CLASSIFICATION NUMBER
Classification number 261.7/096897
Edition number 21
300 ## - PHYSICAL DESCRIPTION
Other physical details ill., map ;
Dimensions 21 cm.
100 1# - MAIN ENTRY--PERSONAL NAME
Personal name Ross, Kenneth R.
9 (RLIN) 27632
245 10 - TITLE STATEMENT
Title God, people, and power in Malawi :
Remainder of title democratization in theological perspective /
Statement of responsibility, etc edited by Kenneth R. Ross.
260 ## - PUBLICATION, DISTRIBUTION, ETC. (IMPRINT)
Place of publication, distribution, etc Blantyre [Malawi] :
Name of publisher, distributor, etc Christian Literature Association in Malawi ;
Date of publication, distribution, etc 1996.
300 ## - PHYSICAL DESCRIPTION
Extent 272 p. :
440 #0 - SERIES STATEMENT/ADDED ENTRY--TITLE
Title Kachere monograph :
Volume number/sequential designation 1025-0964 ;
International Standard Serial Number no. 3
9 (RLIN) 27633
504 ## - BIBLIOGRAPHY, ETC. NOTE
Bibliography, etc Includes bibliographical references (p. 269-272).
650 #0 - SUBJECT ADDED ENTRY--TOPICAL TERM
Topical term or geographic name as entry element Christianity and politics
Geographic subdivision Malawi.
9 (RLIN) 27634
650 #0 - SUBJECT ADDED ENTRY--TOPICAL TERM
Topical term or geographic name as entry element Democracy
General subdivision Religious aspects
-- Christianity.
9 (RLIN) 27635
651 #0 - SUBJECT ADDED ENTRY--GEOGRAPHIC NAME
Geographic name Malawi
General subdivision Church history.
9 (RLIN) 21556
906 ## - LOCAL DATA ELEMENT F, LDF (RLIN)
a 7
b cbc
c origode
d 2
e ncip
f 19
g y-gencatlg
942 ## - ADDED ENTRY ELEMENTS (KOHA)
Source of classification or shelving scheme Library of Congress Classification
Koha item type Monograph ( Printed materials)
Holdings
Withdrawn status Lost status Source of classification or shelving scheme Damaged status Not for loan Collection code Home library Current library Shelving location Date acquired Total Checkouts Full call number Barcode Date last seen Price effective from Koha item type
    Library of Congress Classification     Main Collection ARRUPE LIBRARY ARRUPE LIBRARY Main Collection 28/11/2016   BR115.P7 R77 1996 46003034438 28/11/2016 28/11/2016 Monograph ( Printed materials)
    Library of Congress Classification     Main Collection ARRUPE LIBRARY ARRUPE LIBRARY Main Collection 01/03/2017   BR115.P7 R77 1996 46003017128 01/03/2017 01/03/2017 Monograph ( Printed materials)

 

Arrupe Library. PO Box MP320 Mt Pleasant, Harare, Zimbabwe
263 242 745411|librarian@aju.ac.zw